[Event "Quebec-ch Elite"]
[Site "Montreal CAN"]
[Date "2010.05.07"]
[Round "1"]
[White "Lepine, Cedric"]
[Black "Prahov, Valentin"]
[Result "0-1"]
[WhiteElo "1889"]
[BlackElo "2184"]
[PlyCount "66"]
[EventDate "2010.05.07"]
[EventType "swiss"]
[EventRounds "5"]
[EventCountry "CAN"]

1. d4 Nf6 2. c4 g6 3. Nf3 Bg7 4. g3 c6 5. Bg2 O-O 6. Nc3 d5 7. O-O dxc4 8. Ne5
Be6 9. e4 Nfd7 10. f4 Nxe5 11. dxe5 Qb6+ 12. Kh1 f5 13. Qe2 Na6 14. exf5 gxf5
15. g4 fxg4 16. Be4 Nc5 17. Be3 Qa5 18. Bxc5 Qxc5 19. f5 Bd5 20. Bxd5+ cxd5 21.
Qxg4 Kh8 22. f6 exf6 23. exf6 Rxf6 24. Rxf6 Bxf6 25. Rf1 Rf8 26. Qg2 d4 27. Ne2
d3 28. Nf4 Bg5 29. Ng6+ hxg6 30. Qh3+ Kg7 31. Rxf8 Qxf8 32. Qd7+ Qf7 33. Qd4+
Kh7 0-1

[Event "Quebec-ch Elite"]
[Site "Montreal CAN"]
[Date "2010.05.07"]
[Round "1"]
[White "Libersan, Thierry"]
[Black "Zhu, Hong Rui"]
[Result "1-0"]
[WhiteElo "2113"]
[BlackElo "1807"]
[PlyCount "71"]
[EventDate "2010.05.07"]
[EventType "swiss"]
[EventRounds "5"]
[EventCountry "CAN"]

1. e4 c5 2. Nf3 d6 3. d4 cxd4 4. Qxd4 Nc6 5. Bb5 Bd7 6. Bxc6 Bxc6 7. Nc3 Nf6 8.
Bg5 e6 9. O-O-O Be7 10. Qd3 O-O 11. Nd4 d5 12. e5 Nd7 13. Bxe7 Qxe7 14. f4 a6
15. Kb1 Nc5 16. Qe3 Rfe8 17. h4 Rac8 18. Rde1 Na4 19. Nxa4 Bxa4 20. b3 Bd7 21.
h5 Kh8 22. g4 Qb4 23. Kb2 Qc5 24. Qd2 Qc7 25. Rh3 Re7 26. Rhe3 Rce8 27. Qh2 Qc5
28. c3 b5 29. b4 Qc7 30. Qh4 a5 31. h6 gxh6 32. Qf6+ Kg8 33. Rh1 axb4 34. Rxh6
Qa5 35. Rxh7 Qa3+ 36. Kb1 1-0

[Event "Quebec-ch Elite"]
[Site "Montreal CAN"]
[Date "2010.05.07"]
[Round "1"]
[White "Modwal, Sankalp"]
[Black "Dumont, Felix"]
[Result "1-0"]
[WhiteElo "2234"]
[BlackElo "1959"]
[PlyCount "113"]
[EventDate "2010.05.07"]
[EventType "swiss"]
[EventRounds "5"]
[EventCountry "CAN"]

1. e4 c5 2. Nc3 d6 3. Nf3 Nf6 4. d4 cxd4 5. Nxd4 a6 6. Rg1 e5 7. Nb3 Be6 8. g4
d5 9. g5 Nxe4 10. Nxe4 dxe4 11. Qxd8+ Kxd8 12. Be3 Nd7 13. O-O-O f5 14. gxf6
gxf6 15. Nc5 Bxc5 16. Bxc5 Ke8 17. Bb4 Rg8 18. Bh3 Rxg1 19. Rxg1 Kf7 20. Bxe6+
Kxe6 21. Rg7 Re8 22. Rxh7 b6 23. c4 a5 24. Ba3 Nc5 25. Bxc5 bxc5 26. Kd2 Kf5
27. Ke3 Rd8 28. Ra7 Rd3+ 29. Ke2 Rh3 30. Rxa5 Rxh2 31. Ra3 Rh1 32. Rb3 Rc1 33.
a4 Rxc4 34. a5 Ra4 35. Ra3 Rb4 36. b3 c4 37. bxc4 Rxc4 38. a6 Rc8 39. a7 Ra8
40. Ke3 Ke6 41. Kxe4 f5+ 42. Kf3 Kf6 43. Ra4 Kg5 44. Ke3 Kf6 45. Kd3 Kg5 46.
Ke2 Kf6 47. Kf3 Kg5 48. Ra5 Kf6 49. Ra6+ Kg5 50. Kg3 Kh5 51. f3 Kg5 52. f4+
exf4+ 53. Kf3 Kh5 54. Kxf4 Kh4 55. Kxf5 Kg3 56. Ke5 Kg4 57. Kd6 1-0

[Event "Quebec-ch Elite"]
[Site "Montreal CAN"]
[Date "2010.05.07"]
[Round "1"]
[White "Robichaud, Louis"]
[Black "Castellanos, Renier"]
[Result "0-1"]
[WhiteElo "2007"]
[BlackElo "2422"]
[PlyCount "86"]
[EventDate "2010.05.07"]
[EventType "swiss"]
[EventRounds "5"]
[EventCountry "CAN"]

1. e4 c5 2. Nc3 d6 3. g3 Nc6 4. Bg2 g6 5. d3 Bg7 6. f4 Nf6 7. Nf3 O-O 8. O-O
Rb8 9. h3 b5 10. a3 a5 11. Be3 b4 12. axb4 axb4 13. Ne2 Nd7 14. Rb1 Ra8 15. f5
Ra2 16. b3 Nde5 17. Nxe5 Nxe5 18. g4 Bb7 19. Nf4 Nc6 20. g5 Nd4 21. fxg6 hxg6
22. Rf2 e5 23. Nd5 Bxd5 24. exd5 Nf5 25. Bd2 e4 26. Rxf5 gxf5 27. dxe4 fxe4 28.
Bxe4 Qe7 29. Qf3 Re8 30. Bd3 Ra1 31. Rxa1 Bxa1 32. Kg2 Bc3 33. Bf4 Kg7 34. h4
Qe1 35. Bg3 Qd2+ 36. Kh3 Re3 37. Qh5 Rxg3+ 38. Kxg3 Be5+ 39. Kf3 Qd1+ 40. Be2
Qxc2 41. Qh6+ Kg8 42. Bc4 Qd1+ 43. Kg2 Qg4+ 0-1

[Event "Quebec-ch Elite"]
[Site "Montreal CAN"]
[Date "2010.05.07"]
[Round "1"]
[White "Rousseau, Daniel"]
[Black "Gauthier, Denis"]
[Result "1-0"]
[WhiteElo "2166"]
[BlackElo "1867"]
[PlyCount "77"]
[EventDate "2010.05.07"]
[EventType "swiss"]
[EventRounds "5"]
[EventCountry "CAN"]

1. e4 d6 2. d4 Nf6 3. Nc3 g6 4. f4 Bg7 5. Nf3 O-O 6. Bd3 Na6 7. e5 Nd7 8. Qe2
c5 9. e6 fxe6 10. Ng5 Nf6 11. Nxe6 Bxe6 12. Qxe6+ Kh8 13. Bxa6 cxd4 14. Bxb7
Rb8 15. Bf3 dxc3 16. b3 Nd7 17. Be3 Nc5 18. Qc4 Qa5 19. O-O Rb4 20. Qe2 Ne6 21.
a3 Nxf4 22. Qf2 Rbb8 23. Bxa7 Rbc8 24. Qb6 Qg5 25. a4 Ne6 26. Qe3 Qxe3+ 27.
Bxe3 Nd4 28. Be4 d5 29. Bd3 e5 30. Bxd4 exd4 31. Rxf8+ Rxf8 32. a5 Ra8 33. a6
Bf6 34. Ra5 Bd8 35. Rxd5 Kg7 36. Rd7+ Kh6 37. g3 Bb6 38. Rb7 Rxa6 39. Kg2 1-0

[Event "Quebec-ch Elite"]
[Site "Montreal CAN"]
[Date "2010.05.07"]
[Round "1"]
[White "Sambuev, Bator"]
[Black "Hajiyev, Elshad"]
[Result "0-1"]
[WhiteElo "2564"]
[BlackElo "2089"]
[PlyCount "76"]
[EventDate "2010.05.07"]
[EventType "swiss"]
[EventRounds "5"]
[EventCountry "CAN"]

1. e4 c6 2. d4 d5 3. exd5 cxd5 4. c4 Nf6 5. Nc3 Nc6 6. Bg5 Bg4 7. Be2 Bxe2 8.
Ngxe2 dxc4 9. d5 Ne5 10. O-O h6 11. Bf4 Nd3 12. Qa4+ Qd7 13. Qxc4 Nxf4 14. Nxf4
Rc8 15. Qb3 g5 16. Ne6 h5 17. Rac1 Bh6 18. Ne2 fxe6 19. dxe6 Qd8 20. Rxc8 Qxc8
21. Rc1 Qd8 22. Qa4+ b5 23. Qxb5+ Kf8 24. Qb7 Kg7 25. Nd4 Qxd4 26. Qxe7+ Kg6
27. Qf7+ Kf5 28. Qc7 Rd8 29. Re1 Bf8 30. h3 Bc5 31. Kh1 g4 32. h4 Bb6 33. Qc2+
Qd3 34. Qc1 Qd2 35. Qb1+ Rd3 36. e7 Bxf2 37. Rc1 Ke6 38. b4 Rh3+ 0-1

[Event "Quebec-ch Elite"]
[Site "Montreal CAN"]
[Date "2010.05.07"]
[Round "1"]
[White "Tessier, Olivier"]
[Black "Forget, David"]
[Result "1/2-1/2"]
[WhiteElo "2213"]
[BlackElo "1905"]
[PlyCount "50"]
[EventDate "2010.05.07"]
[EventType "swiss"]
[EventRounds "5"]
[EventCountry "CAN"]

1. d4 d5 2. c4 c6 3. Nf3 dxc4 4. e4 b5 5. a4 e6 6. axb5 cxb5 7. b3 Bb7 8. bxc4
Bxe4 9. cxb5 Bb4+ 10. Bd2 Bxd2+ 11. Nbxd2 Bb7 12. Ra4 Nd7 13. Qa1 Bxf3 14. gxf3
Ngf6 15. Rxa7 O-O 16. Be2 Nd5 17. Ne4 Rxa7 18. Qxa7 N7b6 19. Rg1 Qh4 20. Rg2
Ra8 21. Qb7 Qf4 22. Bd1 Rd8 23. Qc6 Rc8 24. Qb7 Rb8 25. Qc6 Rc8 1/2-1/2

[Event "Quebec-ch Elite"]
[Site "Montreal CAN"]
[Date "2010.05.08"]
[Round "2"]
[White "Barbeau, Sylvain"]
[Black "Gagnon, Serge"]
[Result "1/2-1/2"]
[WhiteElo "2369"]
[BlackElo "1985"]
[PlyCount "85"]
[EventDate "2010.05.07"]
[EventType "swiss"]
[EventRounds "5"]
[EventCountry "CAN"]

1. Nf3 d6 2. e4 Nf6 3. Nc3 g6 4. d4 Bg7 5. h3 O-O 6. Be3 Nc6 7. Bb5 a6 8. Bxc6
bxc6 9. O-O Rb8 10. b3 Nd7 11. Qd2 e5 12. Bh6 f6 13. Bxg7 Kxg7 14. Nh2 c5 15.
dxe5 fxe5 16. Ng4 Nf6 17. Qh6+ Kg8 18. Nxf6+ Rxf6 19. Nd5 Rf7 20. f4 exf4 21.
Rxf4 Rxf4 22. Qxf4 Be6 23. Re1 Bxd5 24. exd5 Qd7 25. Re6 Qf7 26. Qe4 Rf8 27.
Re7 Qf2+ 28. Kh2 Rf7 29. Rxf7 Qxf7 30. Kg3 Kg7 31. h4 h6 32. c3 Qf6 33. Qc4
Qe5+ 34. Kf3 a5 35. a4 Qe1 36. Kg4 Qd1+ 37. Kh3 h5 38. Qe4 Qxb3 39. Qe7+ Kh6
40. Qf8+ Kh7 41. Qf7+ Kh6 42. Qf8+ Kh7 43. Qf7+ 1/2-1/2

[Event "Quebec-ch Elite"]
[Site "Montreal CAN"]
[Date "2010.05.08"]
[Round "2"]
[White "Chabot, Roland"]
[Black "Desjardins, Michel"]
[Result "1-0"]
[WhiteElo "2215"]
[BlackElo "2001"]
[PlyCount "69"]
[EventDate "2010.05.07"]
[EventType "swiss"]
[EventRounds "5"]
[EventCountry "CAN"]

1. d4 d5 2. c4 c6 3. Nf3 dxc4 4. e4 b5 5. a4 e6 6. Nc3 b4 7. Nb1 Ba6 8. Nbd2 c3
9. Nc4 cxb2 10. Bxb2 Nf6 11. e5 Nd5 12. Qd2 Be7 13. Bd3 Bxc4 14. Bxc4 a5 15.
O-O O-O 16. Rfe1 Nd7 17. Re4 N5b6 18. Bd3 g6 19. h4 c5 20. Qh6 c4 21. Ng5 Bxg5
22. hxg5 Re8 23. Rh4 Nf8 24. Be4 Nd5 25. g3 c3 26. Bc1 Rb8 27. Kg2 b3 28. Ba3
Nb4 29. Rah1 Qxd4 30. Bxg6 Qxh4 31. Bxh7+ Nxh7 32. Rxh4 Rb7 33. Qxh7+ Kf8 34.
g6 b2 35. Rxb4 1-0

[Event "Quebec-ch Elite"]
[Site "Montreal CAN"]
[Date "2010.05.08"]
[Round "2"]
[White "Chiffot, Nicolas"]
[Black "Clyde, Jordan"]
[Result "1/2-1/2"]
[WhiteElo "2100"]
[BlackElo "1899"]
[PlyCount "46"]
[EventDate "2010.05.07"]
[EventType "swiss"]
[EventRounds "5"]
[EventCountry "CAN"]

1. e4 c5 2. Nf3 g6 3. d4 cxd4 4. Nxd4 Bg7 5. c4 d6 6. Nc3 Nf6 7. Be2 Nc6 8. O-O
O-O 9. h3 Nxe4 10. Nxc6 Nxc3 11. Nxd8 Nxd1 12. Nxf7 Bxb2 13. Bxb2 Nxb2 14. Ng5
Rf5 15. Nf3 Rc5 16. Rfe1 e5 17. Nd2 Bf5 18. g4 Bd3 19. Bxd3 Nxd3 20. Re3 Nf4
21. Ne4 Rc6 22. Rd1 Rd8 23. Nf6+ Kg7 1/2-1/2

[Event "Quebec-ch Elite"]
[Site "Montreal CAN"]
[Date "2010.05.08"]
[Round "2"]
[White "Dumont, Felix"]
[Black "Le Duin, Thierry"]
[Result "1/2-1/2"]
[WhiteElo "1959"]
[BlackElo "2036"]
[PlyCount "61"]
[EventDate "2010.05.07"]
[EventType "swiss"]
[EventRounds "5"]
[EventCountry "CAN"]

1. Nf3 Nf6 2. c4 Nc6 3. Nc3 e5 4. d4 exd4 5. Nxd4 Bc5 6. Nxc6 bxc6 7. Bg5 Rb8
8. Qd2 d5 9. e3 d4 10. exd4 Qxd4 11. O-O-O Qxd2+ 12. Rxd2 Be6 13. Bxf6 gxf6 14.
Bd3 O-O 15. Re1 Bd6 16. Re4 f5 17. Rh4 Be7 18. Rh5 h6 19. f4 Kg7 20. Bxf5 Bxc4
21. Bd3 Be6 22. f5 Bd5 23. Rf2 Bg5+ 24. Kb1 f6 25. Rh3 Rfe8 26. Re2 Rxe2 27.
Bxe2 Re8 28. Rd3 Kf8 29. Nxd5 cxd5 30. Bf3 c6 31. Kc2 1/2-1/2

[Event "Quebec-ch Elite"]
[Site "Montreal CAN"]
[Date "2010.05.08"]
[Round "2"]
[White "Fareh, Youness"]
[Black "Bolduc, Steve"]
[Result "1/2-1/2"]
[WhiteElo "2129"]
[BlackElo "2247"]
[PlyCount "103"]
[EventDate "2010.05.07"]
[EventType "swiss"]
[EventRounds "5"]
[EventCountry "CAN"]

1. Nf3 d5 2. c4 e6 3. g3 c5 4. cxd5 exd5 5. d4 Nc6 6. Bg2 Nf6 7. O-O Be7 8. Nc3
O-O 9. Bg5 cxd4 10. Nxd4 h6 11. Bf4 Bg4 12. h3 Be6 13. a3 Qd7 14. Kh2 Rac8 15.
Qd3 Nxd4 16. Qxd4 Rc4 17. Qd3 Rfc8 18. e3 Bf5 19. Qe2 Ne4 20. Be5 Qe6 21. Bd4
Nxc3 22. bxc3 Bc5 23. Qb2 b6 24. Rac1 Be4 25. Rfd1 Qe7 26. Bxc5 Qxc5 27. Bxe4
dxe4 28. Rd7 a5 29. Rb7 Rxc3 30. Rxc3 Qxc3 31. Rxb6 Qxb2 32. Rxb2 Rc3 33. Ra2
Kf8 34. g4 Ke7 35. Kg3 g5 36. a4 Rc4 37. h4 Kd6 38. h5 Ke5 39. Ra1 Rb4 40. Ra2
Kd5 41. Ra1 Kc5 42. Rc1+ Rc4 43. Ra1 f6 44. Ra2 Kb4 45. Rb2+ Kxa4 46. Rb6 Rb4
47. Rxf6 Kb3 48. Rxh6 a4 49. Ra6 a3 50. h6 Rb8 51. h7 Rh8 52. Rb6+ 1/2-1/2

[Event "Quebec-ch Elite"]
[Site "Montreal CAN"]
[Date "2010.05.08"]
[Round "2"]
[White "Forget, David"]
[Black "Gulko, Andrei"]
[Result "1/2-1/2"]
[WhiteElo "1905"]
[BlackElo "2180"]
[PlyCount "145"]
[EventDate "2010.05.07"]
[EventType "swiss"]
[EventRounds "5"]
[EventCountry "CAN"]

1. d4 Nf6 2. c4 e5 3. dxe5 Ng4 4. Bf4 Bb4+ 5. Nd2 d6 6. exd6 Qf6 7. Nh3 Nxf2 8.
Kxf2 Bxh3 9. g3 Bxf1 10. Rxf1 Qd4+ 11. Kg2 Bxd6 12. Bxd6 Qxd6 13. Ne4 Qg6 14.
Qd5 Nc6 15. Qf5 O-O 16. Qxg6 hxg6 17. Rad1 Rfe8 18. Nc3 Ne5 19. Nd5 Nxc4 20. b3
c6 21. bxc4 cxd5 22. Rxd5 Rxe2+ 23. Rf2 Rxf2+ 24. Kxf2 Rc8 25. Rd7 Rxc4 26.
Rxb7 Rc2+ 27. Kf3 Rxa2 28. h4 f6 29. Rb8+ Kh7 30. Ra8 a5 31. Kg4 Ra1 32. Kf3 a4
33. Kg2 a3 34. Kh2 g5 35. hxg5 fxg5 36. Kg2 Kg6 37. Ra6+ Kf5 38. Ra5+ Kg4 39.
Ra4+ Kh5 40. Ra5 Ra2+ 41. Kh3 Ra1 42. Kg2 Kg4 43. Ra4+ Kf5 44. Ra5+ Kf6 45.
Ra6+ Ke5 46. Ra5+ Kd4 47. Rxg5 Kc3 48. Rxg7 Kb2 49. Rb7+ Ka2 50. g4 Rb1 51. Ra7
Rb3 52. Rf7 Rc3 53. Rb7 Rb3 54. Rf7 Ka1 55. Rf1+ Rb1 56. Rf3 Kb2 57. Kg3 Rg1+
58. Kf4 a2 59. Rf2+ Kb3 60. Rxa2 Kxa2 61. g5 Kb3 62. Kf5 Kc4 63. Kf6 Rf1+ 64.
Ke6 Re1+ 65. Kf7 Rf1+ 66. Ke6 Rg1 67. Kf6 Kd5 68. g6 Rf1+ 69. Ke7 Re1+ 70. Kf8
Ke6 71. g7 Rg1 72. g8=Q+ Rxg8+ 73. Kxg8 1/2-1/2

[Event "Quebec-ch Elite"]
[Site "Montreal CAN"]
[Date "2010.05.08"]
[Round "2"]
[White "Gauthier, Denis"]
[Black "Ah-Lan, Kenny"]
[Result "0-1"]
[WhiteElo "1867"]
[BlackElo "2001"]
[PlyCount "70"]
[EventDate "2010.05.07"]
[EventType "swiss"]
[EventRounds "5"]
[EventCountry "CAN"]

1. d4 Nf6 2. c4 c5 3. d5 e5 4. Nc3 d6 5. e4 Nbd7 6. Bd3 Be7 7. Nge2 h5 8. h3
Nf8 9. Be3 h4 10. Qd2 Ng6 11. a3 a6 12. b4 b6 13. Rb1 Bd7 14. O-O O-O 15. Rb2
Qc8 16. Kh2 Qc7 17. Rfb1 Rab8 18. Rb3 Nh5 19. bxc5 bxc5 20. Qb2 Rxb3 21. Qxb3
Ra8 22. Qb7 Ra7 23. Qxc7 Rxc7 24. Rb8+ Kh7 25. Ra8 Bc8 26. g3 Bb7 27. Ra7 Bd8
28. Bc2 Ne7 29. Bg5 hxg3+ 30. fxg3 f6 31. Be3 Nc8 32. Rxb7 Rxb7 33. Ba4 g6 34.
Kg2 Nb6 35. Bb3 Nxd5 0-1

[Event "Quebec-ch Elite"]
[Site "Montreal CAN"]
[Date "2010.05.08"]
[Round "2"]
[White "Gras, Guillaume"]
[Black "Giroux, Robert"]
[Result "1-0"]
[WhiteElo "2104"]
[BlackElo "1776"]
[PlyCount "71"]
[EventDate "2010.05.07"]
[EventType "swiss"]
[EventRounds "5"]
[EventCountry "CAN"]

1. e4 e5 2. Nf3 Nc6 3. d4 exd4 4. Bc4 Bc5 5. O-O Nf6 6. e5 d5 7. exf6 dxc4 8.
Re1+ Be6 9. Ng5 Qd5 10. Nc3 Qf5 11. Nce4 O-O-O 12. g4 Qe5 13. fxg7 Rhg8 14.
Nxe6 fxe6 15. Bh6 d3 16. c3 Bb6 17. Kg2 d2 18. Re2 Ne7 19. f3 c6 20. f4 Qd5 21.
Kh3 Qd3+ 22. Ng3 Qg6 23. g5 Nd5 24. Rxd2 Nxf4+ 25. Kh4 Ng2+ 26. Rxg2 Rxd1 27.
Rxd1 Bd8 28. Rxd8+ Kxd8 29. Rf2 Ke7 30. Rf8 Qxh6+ 31. gxh6 Rxf8 32. gxf8=Q+
Kxf8 33. Kg5 Kf7 34. Ne4 b5 35. a4 Ke7 36. a5 1-0

[Event "Quebec-ch Elite"]
[Site "Montreal CAN"]
[Date "2010.05.08"]
[Round "2"]
[White "Hajiyev, Elshad"]
[Black "Modwal, Sankalp"]
[Result "1-0"]
[WhiteElo "2089"]
[BlackElo "2234"]
[PlyCount "83"]
[EventDate "2010.05.07"]
[EventType "swiss"]
[EventRounds "5"]
[EventCountry "CAN"]

1. c4 Nf6 2. Nc3 e6 3. d4 Bb4 4. e3 b6 5. Bd3 Bb7 6. f3 O-O 7. Nge2 Re8 8. e4
d6 9. Bg5 Nbd7 10. O-O Bxc3 11. Nxc3 h6 12. Bh4 e5 13. d5 Nf8 14. b4 Ng6 15.
Bf2 Nd7 16. a4 a5 17. bxa5 Rxa5 18. Nb5 Nc5 19. Be1 Qg5 20. Bxa5 Qe3+ 21. Kh1
bxa5 22. Ra3 Qg5 23. g3 Re7 24. Rf2 Bc8 25. Qd2 Qf6 26. Qxa5 h5 27. Nxc7 Qg5
28. Nb5 Nxd3 29. Rxd3 Qc1+ 30. Kg2 Kh7 31. Rdd2 h4 32. Rfe2 Bh3+ 33. Kxh3 Qf1+
34. Kg4 f5+ 35. exf5 e4 36. fxg6+ Kh6 37. Rxe4 Rxe4+ 38. fxe4 Qf8 39. Qc7 h3
40. Nxd6 Qxd6 41. Qc8 Qe6+ 42. dxe6 1-0

[Event "Quebec-ch Elite"]
[Site "Montreal CAN"]
[Date "2010.05.08"]
[Round "2"]
[White "Lalonde, Paul"]
[Black "Lepine, Cedric"]
[Result "0-1"]
[WhiteElo "2016"]
[BlackElo "1889"]
[PlyCount "100"]
[EventDate "2010.05.07"]
[EventType "swiss"]
[EventRounds "5"]
[EventCountry "CAN"]

1. e4 Nf6 2. e5 Nd5 3. d4 d6 4. c4 Nb6 5. Nf3 Nc6 6. exd6 cxd6 7. Be2 Bg4 8. b3
g6 9. Bb2 Bxf3 10. Bxf3 Bg7 11. Na3 e6 12. Qd2 d5 13. Rc1 O-O 14. O-O dxc4 15.
Nxc4 Nd5 16. Ba3 Nxd4 17. Bxd5 Qxd5 18. Bxf8 Rxf8 19. Rfd1 Rd8 20. Kh1 Qh5 21.
Qa5 Rd5 22. Qc7 Bf8 23. Ne5 Rxe5 24. Rxd4 Rd5 25. Rxd5 Qxd5 26. Qc4 Qd2 27. Qc2
Qf4 28. Rd1 h5 29. Qd2 Qf5 30. f3 h4 31. Qd3 Qa5 32. f4 Qc7 33. Qc4 Qb6 34. h3
a5 35. Qe4 Qc7 36. Qe1 Qe7 37. Qd2 b6 38. Rc1 Qd6 39. Qxd6 Bxd6 40. Rc6 Bc5 41.
Kh2 Bf2 42. Rc3 Kg7 43. Rf3 Bg3+ 44. Rxg3 hxg3+ 45. Kxg3 Kf6 46. Kg4 e5 47. h4
e4 48. f5 Ke5 49. fxg6 fxg6 50. Kg3 Kf5 0-1

[Event "Quebec-ch Elite"]
[Site "Montreal CAN"]
[Date "2010.05.08"]
[Round "2"]
[White "Leveille, Francois"]
[Black "Lange, David"]
[Result "1-0"]
[WhiteElo "2304"]
[BlackElo "1966"]
[PlyCount "107"]
[EventDate "2010.05.07"]
[EventType "swiss"]
[EventRounds "5"]
[EventCountry "CAN"]

1. e4 e5 2. Nf3 Nc6 3. Nc3 Nf6 4. d4 exd4 5. Nxd4 Nxd4 6. Qxd4 d6 7. Bg5 Be7 8.
O-O-O O-O 9. e5 Ng4 10. Bxe7 Qxe7 11. exd6 Qxd6 12. Qxd6 cxd6 13. Rd2 Rd8 14.
h3 Nf6 15. g4 g5 16. Bg2 h5 17. f4 hxg4 18. fxg5 Nh7 19. hxg4 Nxg5 20. Rh5 f6
21. Ne4 Nxe4 22. Bxe4 Re8 23. Bd5+ Kg7 24. Rdh2 Kg6 25. Rh7 Re1+ 26. Kd2 Rg1
27. Bxb7 Bxb7 28. Rxb7 Rxg4 29. Rd7 Rd4+ 30. Ke3 Rd5 31. Ke4 Re5+ 32. Kd4 Ra5
33. Rg2+ Kf5 34. Rxd6 Rxa2 35. Rf2+ Kg5 36. Rfxf6 Rxb2 37. Rg6+ Kh5 38. Rg2
Rb4+ 39. c4 a5 40. Rd5+ Kh6 41. Kc3 Rb1 42. Rd3 Rc1+ 43. Kb2 Rh1 44. c5 Rb8+
45. Rb3 Rb1+ 46. Kxb1 Rxb3+ 47. Rb2 Rc3 48. Rc2 Rb3+ 49. Ka2 Rb7 50. c6 Rc7 51.
Ka3 Kg6 52. Ka4 Kf6 53. Kxa5 Ke6 54. Kb6 1-0

[Event "Quebec-ch Elite"]
[Site "Montreal CAN"]
[Date "2010.??.??"]
[Round "2"]
[White "Masse, Hugues"]
[Black "Libersan, Thierry"]
[Result "1/2-1/2"]
[WhiteElo "2240"]
[BlackElo "2113"]
[PlyCount "67"]
[EventDate "2010.05.07"]
[EventType "swiss"]
[EventRounds "5"]
[EventCountry "CAN"]

1. d4 c5 2. d5 e6 3. c4 exd5 4. cxd5 d6 5. Nc3 Nf6 6. e4 g6 7. Bd3 Bg7 8. h3
O-O 9. Nf3 Re8 10. O-O Na6 11. Re1 Nd7 12. Bf4 Qe7 13. Qd2 Nc7 14. Rad1 Ne5 15.
Nxe5 Bxe5 16. Bxe5 Qxe5 17. Bc4 g5 18. Rf1 Kh8 19. f4 gxf4 20. Qxf4 Qxf4 21.
Rxf4 Re7 22. e5 Ne8 23. exd6 Nxd6 24. Bd3 Bd7 25. Rf6 Ne8 26. Rh6 f5 27. d6 Re5
28. Bc4 Kg7 29. Rh4 Rd8 30. Rf4 Bc6 31. Bd3 Rxd6 32. Rxf5 Rxf5 33. Bxf5 Rxd1+
34. Nxd1 1/2-1/2

[Event "Quebec-ch Elite"]
[Site "Montreal CAN"]
[Date "2010.05.08"]
[Round "2"]
[White "Poulin, Mathieu"]
[Black "Sambuev, Bator"]
[Result "0-1"]
[WhiteElo "1984"]
[BlackElo "2564"]
[PlyCount "138"]
[EventDate "2010.05.07"]
[EventType "swiss"]
[EventRounds "5"]
[EventCountry "CAN"]

1. d4 Nf6 2. c4 g6 3. Nc3 Bg7 4. e4 O-O 5. f3 d6 6. Be3 e5 7. d5 c6 8. Qd2 cxd5
9. cxd5 Nh5 10. Nge2 f5 11. O-O-O a6 12. Kb1 b5 13. Nc1 Nd7 14. Nd3 a5 15. Nxb5
Ndf6 16. Nc3 Bd7 17. Be2 Rb8 18. Ka1 fxe4 19. fxe4 Nf4 20. Bf3 a4 21. a3 Nxd3
22. Qxd3 Ng4 23. Bxg4 Bxg4 24. Rb1 Qa5 25. h3 Bd7 26. Rhf1 Rfc8 27. Bd2 Rb3 28.
Qf3 Rf8 29. Qd1 Rfb8 30. Na2 Qb6 31. Bb4 Bb5 32. Rf3 Bc4 33. Rc3 Rxc3 34. Nxc3
Ra8 35. Qg1 Qa6 36. Qe3 Rf8 37. h4 Rf6 38. Qh3 Bd3 39. Re1 Bc2 40. g4 Bf8 41.
g5 Rf7 42. Qe6 Kg7 43. h5 gxh5 44. Qh6+ Kg8 45. Qxh5 Rf1 46. Qh4 Qd3 47. b3
Bxb3 48. Rxf1 Qxf1+ 49. Kb2 Qg2+ 50. Ka1 Qf3 51. Kb2 Bc4 52. Qh2 Qe3 53. Qg2
Be7 54. g6 h5 55. g7 Bg5 56. Qh1 Qd2+ 57. Ka1 Be3 58. Qd1 h4 59. Qxd2 Bxd2 60.
Nd1 Bxb4 61. axb4 h3 62. Nf2 h2 63. Kb2 Kxg7 64. Ka3 Bb5 65. Kb2 Kg6 66. Ka3
Kg5 67. Nh3+ Kg4 68. Nf2+ Kg3 69. Nh1+ Kg2 0-1

[Event "Quebec-ch Elite"]
[Site "Montreal CAN"]
[Date "2010.05.08"]
[Round "2"]
[White "Prahov, Valentin"]
[Black "Rainfray, Arnaud"]
[Result "0-1"]
[WhiteElo "2184"]
[BlackElo "2405"]
[PlyCount "74"]
[EventDate "2010.05.07"]
[EventType "swiss"]
[EventRounds "5"]
[EventCountry "CAN"]

1. e4 c5 2. d4 cxd4 3. c3 Nf6 4. e5 Nd5 5. cxd4 e6 6. Nc3 Nxc3 7. bxc3 Qc7 8.
Bd2 d6 9. f4 Bd7 10. Nf3 Bc6 11. Bd3 Be7 12. O-O Nd7 13. exd6 Bxd6 14. Ne5 Nf6
15. Nxc6 bxc6 16. Qf3 O-O 17. g4 c5 18. g5 Nd5 19. Qh5 g6 20. Qh4 Rab8 21. Rf3
cxd4 22. cxd4 Rb2 23. Bc1 Rb4 24. Bd2 Rxd4 25. Raf1 Bxf4 26. Bxf4 Nxf4 27. Rxf4
Rxd3 28. Qh6 Qc5+ 29. Kh1 Qd5+ 30. Kg1 Rd2 31. R1f2 Rxf2 32. Rxf2 Qd1+ 33. Rf1
Qg4+ 34. Kh1 Rc8 35. h3 Qe4+ 36. Kg1 Rc2 37. Rf2 Qd4 0-1

[Event "Quebec-ch Elite"]
[Site "Montreal CAN"]
[Date "2010.05.08"]
[Round "2"]
[White "Rousseau, Daniel"]
[Black "Jiang, Louie"]
[Result "1-0"]
[WhiteElo "2166"]
[BlackElo "2321"]
[PlyCount "73"]
[EventDate "2010.05.07"]
[EventType "swiss"]
[EventRounds "5"]
[EventCountry "CAN"]

1. e4 c5 2. Nf3 a6 3. d4 cxd4 4. Nxd4 Nf6 5. Nc3 e5 6. Nf3 Bb4 7. Bd2 d6 8. Bd3
O-O 9. h3 Bd7 10. O-O Bc6 11. Re1 Nbd7 12. a3 Ba5 13. b4 Bc7 14. a4 b6 15. Bc4
h6 16. Qe2 Bb7 17. Rad1 a5 18. bxa5 bxa5 19. Bc1 Rc8 20. Ba3 Bb8 21. Nd5 Nxd5
22. Bxd5 Bxd5 23. Rxd5 Nb6 24. Rd3 Nc4 25. Bc1 Qd7 26. Nh4 Rfe8 27. Nf5 g6 28.
Bxh6 Qe6 29. Rg3 Kh7 30. Qg4 Rh8 31. Bg7 Kg8 32. Bxh8 Kxh8 33. Qh4+ Kg8 34. Qh6
Qf6 35. h4 Re8 36. Rb1 Bc7 37. Rb7 1-0

[Event "Quebec-ch Elite"]
[Site "Montreal CAN"]
[Date "2010.05.08"]
[Round "2"]
[White "Sarrazin-Gendron, Roman"]
[Black "Robichaud, Louis"]
[Result "0-1"]
[WhiteElo "1896"]
[BlackElo "2007"]
[PlyCount "144"]
[EventDate "2010.05.07"]
[EventType "swiss"]
[EventRounds "5"]
[EventCountry "CAN"]

1. Nf3 Nf6 2. c4 g6 3. Nc3 Bg7 4. e4 d6 5. d4 O-O 6. Be2 e5 7. O-O Nc6 8. d5
Ne7 9. Ne1 Nd7 10. Be3 f5 11. f3 f4 12. Bf2 g5 13. Nb5 b6 14. a4 a6 15. Na3 Rf6
16. b4 Rh6 17. Nd3 Qe8 18. Re1 Qh5 19. h3 Nf6 20. Bf1 g4 21. fxg4 Bxg4 22. Be2
Bxe2 23. Qxe2 Qxe2 24. Rxe2 Rg6 25. Kh2 Rb8 26. Be1 Bh6 27. a5 bxa5 28. b5 axb5
29. Nxb5 Rf8 30. Bh4 Bg5 31. Bxg5 Rxg5 32. Nxc7 Rc8 33. Ne6 Rg3 34. Nb2 Re3 35.
Rxe3 fxe3 36. Rxa5 Nxe4 37. Ra3 Nf5 38. g4 e2 39. Nd3 Ne3 40. Ne1 Nxc4 41. Rf3
Nb6 42. h4 Nxd5 43. Rd3 Nb4 44. Re3 Nc3 45. Ng5 h6 46. Ne4 Nbd5 47. Nxd6 Rc6
48. Nf5 Nxe3 49. Ne7+ Kf7 50. Nxc6 Nxg4+ 51. Kg3 h5 52. Nb4 Ke6 53. Kf3 Kd6 54.
Nbc2 Ke6 55. Ne3 Nxe3 56. Kxe3 Kf5 57. Kd3 Nd5 58. Kxe2 e4 59. Kf2 Kf4 60. Nc2
Kg4 61. Nd4 Kxh4 62. Kg2 Kg4 63. Ne2 h4 64. Kh2 Nf4 65. Nd4 e3 66. Nc2 e2 67.
Ne1 h3 68. Kh1 Kg3 69. Kg1 h2+ 70. Kh1 Nh3 71. Nd3 e1=Q+ 72. Nxe1 Nf2# 0-1

[Event "Quebec-ch Elite"]
[Site "Montreal CAN"]
[Date "2010.05.08"]
[Round "3"]
[White "Ah-Lan, Kenny"]
[Black "Jiang, Louie"]
[Result "0-1"]
[WhiteElo "2001"]
[BlackElo "2321"]
[PlyCount "76"]
[EventDate "2010.05.07"]
[EventType "swiss"]
[EventRounds "5"]
[EventCountry "CAN"]

1. d4 d5 2. c4 e6 3. Nf3 Nf6 4. Nc3 c6 5. Bg5 Nbd7 6. e3 Qa5 7. Nd2 Bb4 8. Qc2
c5 9. Be2 O-O 10. O-O cxd4 11. exd4 dxc4 12. Bxf6 Nxf6 13. Nxc4 Qc7 14. Ne4 Be7
15. Bf3 Bd7 16. Rac1 Rac8 17. Qd2 Qb8 18. Ne5 Bb5 19. Rxc8 Rxc8 20. Rc1 Rd8 21.
Ng5 Qxe5 22. dxe5 Rxd2 23. exf6 gxf6 24. Rc8+ Kg7 25. Rc7 fxg5 26. Rxe7 Be2 27.
h4 Bxf3 28. gxf3 Rxb2 29. hxg5 a5 30. a4 b6 31. Kg2 Rb4 32. Rb7 Kg6 33. Kg3
Rxa4 34. Rxb6 Kxg5 35. Rb5+ Kf6 36. f4 Ra3+ 37. Kg4 a4 38. Rh5 Ra1 0-1